|
|
|
|
| LEADER |
00000nam a2200000Ii 4500 |
| 001 |
DIGEDUNAV0395 |
| 003 |
NyNyDIG |
| 006 |
m o d |
| 007 |
cr ||||||||||| |
| 008 |
220606s2013 sp ob 100 0 spa d |
| 035 |
|
|
|a (OCoLC)1333701191
|
| 040 |
|
|
|a DGITA
|b eng
|e rda
|e pn
|c DGITA
|
| 020 |
|
|
|z 9788431329167
|
| 050 |
1 |
4 |
|a KBU4060.F77 ebook
|
| 110 |
2 |
|
|a Instituto Martín de Azpilcueta.
|b Simposio Internacional
|n (9th :
|c 2011 :
|d Pamplona, Spain),
|e author.
|
| 245 |
1 |
0 |
|a Régimen legal de los lugares de culto :
|b nueva frontera de la libertad religiosa : actas del IX Simposio Internacional del Instituto Martín de Azpilcueta (Pamplona 9, 10 y 11 de noviembre de 2011) /
|c Jorge Otaduy (editor)
|
| 264 |
|
1 |
|a Pamplona, España :
|b EUNSA, Ediciones Universidad de Navarra,
|c [2013]
|
| 300 |
|
|
|a 1 online resource.
|
| 336 |
|
|
|a text
|b txt
|2 rdacontent
|
| 337 |
|
|
|a computer
|b c
|2 rdamedia
|
| 338 |
|
|
|a online resource
|b cr
|2 rdacarrier
|
| 347 |
|
|
|a text file
|2 rdaft
|
| 347 |
|
|
|b PDF
|
| 490 |
1 |
|
|a Canónica / Instituto Martín de Azpilcueta
|
| 504 |
|
|
|a Includes bibliographical references.
|
| 588 |
0 |
|
|a Online resource; title from PDF title page (Digitalia, viewed June 6, 2022)
|
| 650 |
|
0 |
|a Freedom of religion (Canon law)
|v Congresses.
|
| 650 |
|
0 |
|a Liberty of conscience
|v Congresses.
|
| 650 |
|
0 |
|a Cults
|x Law and legislation
|v Congresses.
|
| 655 |
|
0 |
|a Electronic books.
|
| 700 |
1 |
|
|a Otaduy Guerín, Jorge,
|e editor.
|
| 791 |
2 |
|
|a Digitalia (Firm),
|e distributor.
|
| 793 |
0 |
|
|g Digitalia eBook Collection:
|a Ediciones Universidad de Navarra
|
| 776 |
0 |
8 |
|i Print version:
|a Instituto Martín de Azpilcueta. Simposio Internacional (9th : 2011 : Pamplona).
|t Régimen legal de los lugares de culto.
|b Primera edición.
|d Pamplona, España : EUNSA, Ediciones Universidad de Navarra, [2013]
|z 9788431329167
|
| 830 |
|
0 |
|a Colección canónica de la Universidad de Navarra.
|
| 856 |
4 |
0 |
|3 Digitalia Hispánica
|u https://www.digitaliapublishing.com/a/51544/
|
| 910 |
|
|
|a Premium collection: 2022
|